Statistics for 100 Largest Cities in Italy

Click here to take the quiz!

General Stats

  • This quiz has been taken 30 times
  • The average score is 37 of 100

Answer Stats

Rank City % Correct
6Genoa
100%
11Venice
100%
1Rome
100%
5Palermo
100%
8Florence
100%
3Naples
100%
2Milan
100%
4Turin
93%
7Bologna
89%
9Bari
86%
58Pisa
86%
15Trieste
82%
12Verona
82%
10Catania
75%
18Parma
75%
16Brescia
71%
13Messina
71%
26Cagliari
68%
17Taranto
61%
24Livorno
61%
28Rimini
57%
14Padua
57%
47Udine
57%
20Modena
54%
35Bergamo
54%
25Ravenna
46%
65Como
46%
23Perugia
46%
34Monza
43%
37Pescara
43%
40Vicenza
43%
19Prato
43%
38Trento
43%
61Treviso
43%
60Brindisi
43%
45Ancona
39%
42Bolzano
39%
50Lecce
39%
31Sassari
39%
36Syracuse
39%
54La Spezia
36%
30Ferrara
36%
59Lucca
36%
29Salerno
36%
44Piacenza
32%
90Cosenza
32%
21Reggio di Calabria
32%
86L'Aquila
32%
80Cremona
29%
57Catanzaro
29%
69Varese
29%
48Arezzo
29%
27Foggia
25%
91Potenza
25%
85Imola
25%
89Trapani
25%
100Caltanissetta
25%
53Alessandria
25%
39Forlì
21%
78Ragusa
21%
75Caserta
21%
64Marsala
21%
93Crotone
21%
87Massa
21%
55Pistoia
21%
88Viterbo
21%
49Cesena
18%
43Novara
18%
79Pavia
18%
98Carrara
18%
32Latina
18%
66Grosseto
18%
67Sesto San Giovanni
18%
46Andria
18%
41Terni
14%
51Pesaro
14%
33Giugliano in Campania
14%
62Torre del Greco
14%
22Reggio nell'Emilia
14%
63Busto Arsizio
14%
52Barletta
14%
70Fiumicino
14%
73Asti
14%
68Pozzuoli
14%
94Afragola
11%
56Guidonia Montecelio
11%
77Gela
11%
92Castellammare di Stabia
11%
83Lamezia Terme
11%
95Vittoria
11%
99Viareggio
7%
97Vigevano
7%
96Pomezia
7%
76Aprilia
7%
72Casoria
7%
74Cinisello Balsamo
7%
81Carpi
7%
84Quartu Sant'Elena
7%
82Altamura
4%
71Corigliano-Rossano
0%

Score Distribution

Percentile by Number Answered

Percent of People with Each Score

Your Score History

You have not taken this quiz